01158nam a22002895i 4500999001700000003000900017005001700026008004100043020001800084040004300102082002800145100002800173245005200201264005300253300002300306336002600329337002800355338002700383504004100410650006900451650007000520650006800590653002700658655001700685942001200702952015400714 c27744d27715EG-ScBUE20191106131551.0191106s2018 ii f b 000 0 eng d a9789382252986 aEG-ScBUEbengerdacEG-ScBUEdEG-ScBUE04a820.9928709034bJIN2221 aJindal, Madhu,eauthor.10aFeminism and literature /cby Dr. Madhu Jindal. 1aNew Delhi :bPacific Books International,c2018. a240 pages ;c22 cm atextbtxt2rdacontent aunmediatedbn2rdamedia avolumebnc2rdacarrier aIncludes bibliographical references. 7aEnglish literaturexWomen authorsxHistory and criticism.2BUEsh 7aAmerican literaturexWomen authorsxHistory and criticism.2BUEsh 7aEnglish literaturey19th centuryxHistory and criticism.2BUEsh bHHUUEENNcNovember2019 vReading book 2ddccBB 00102ddc40708BaccahaMAINbMAINc2NDd2019-11-06ePurchaseg320.00l0o820.9928709034 JINp000048210r2025-07-15 00:00:00v400.00w2019-11-06yBB